00896nam a22002297a 4500003000400000005001700004008004100021022001300062040001800075082001400093110006100107245009600168260004400264300001700308440005200325440004000377440004100417440004100458650006500499650004900564650005300613OSt20240615110551.0240615b ||||| |||| 00| 0 eng d 213915614 cAIMIT LIBRARY a330bSOUE aResearch and Information System for developing Countries aSouth Asia Economic Journal /cBy Research and Information System for Developing Countries. bNew Delhi :c2015.aSage publications , bHBc24.8 cm. aSouth Asia Economic JournalvVol.19 No.1&2/2018 vVol.19 No.1/2018,Vol.20 No.1+2/2019 vVol.17 No.2/2016, Vol.18 No.1&2/2017 vVol.16 No.1&2-2015, Vol.17 No.1-2016 aExploring the channels and impact of debt on economic growth aServices outsourcing and productivity growth 2Determinants of financial stress of Indian Banks